000
00338nam a2200145Ia 4500
008
210210b1958 xxu||||| |||| 00| 0 eng d
082
_a
629.4 NEWS
100
_a
NEWELL (Homer E).
245
_a
Space book for young people.
260
_a
ND
_b
Eurasia
_c
1958
300
_a
106
650
_a
Space
690
_a
Astronomy
906
_a
028415
999
_c
79663
_d
79663